000 01637nam a2200421 i 4500
001 63633
003 FlNmELB
005 20241217142345.0
006 m o d |
007 cr cnu||||||||
008 140708s2006 sp o 000 0 spa d
020 _z9788496477254
035 _a(MiAaPQ)EBC3221043
035 _a(Au-PeEL)EBL3221043
035 _a(CaPaEBR)ebr10877603
035 _a(OCoLC)992070247
040 _aFINmELB
_bspa
_erda
_cFINmELB
050 4 _aQA276
_b.H673 2006
080 _a519.21(07)
082 0 _a519.5
_223
245 0 0 _aHistoria de la probabilidad y la estadística.
_nIII /
_cJesús Santos del Cerro, Marta García Secades (coordinadores).
264 1 _aMadrid :
_bDelta, Publicaciones Universitarias,
_c2006.
300 _a1 recurso en línea (329 páginas)
336 _atexto
_btxt
_2rdacontent/spa
337 _acomputadora
_bc
_2rdamedia/spa
338 _arecurso en línea
_bcr
_2rdacarrier/spa
588 _aDescripción basada en recurso en línea; Título de la página del título en PDF (e-libro, visto July 08, 2014).
590 _aRecurso electrónico. Santa Fe, Arg.: e-libro, 2015. Disponible vía World Wide Web. El acceso puede estar limitado para las bibliotecas afiliadas a e-libro.
650 0 _aMathematical statistics.
650 0 _aProbabilities.
650 4 _aEstadística matemática.
650 4 _aProbabilidades.
655 4 _aLibros electrónicos.
700 1 _aSantos del Cerro, Jesús,
_ecoordinador.
700 1 _aGarcía Secades, Marta,
_ecoordinadora.
797 2 _ae-libro, Corp.
856 4 0 _uhttps://elibro.net/ereader/politecnicointernacional/60258
999 _c63633
_d63633